World economic development 1979 and beyond

में बचाया:
ग्रंथसूची विवरण
मुख्य लेखक: Kahn, Herman
स्वरूप: पुस्तक
भाषा:Undetermined
प्रकाशित: New York Morrow Quill Paperbacks 1979
विषय:
टैग : टैग जोड़ें
कोई टैग नहीं, इस रिकॉर्ड को टैग करने वाले पहले व्यक्ति बनें!
Thư viện lưu trữ: Trung tâm Học liệu Trường Đại học Cần Thơ
LEADER 00516nam a2200181Ia 4500
001 CTU_81772
008 210402s9999 xx 000 0 und d
082 |a 330.1 
082 |b K12 
100 |a Kahn, Herman 
245 0 |a World economic development 1979 and beyond 
245 0 |c Herman Kahn 
260 |a New York 
260 |b Morrow Quill Paperbacks 
260 |c 1979 
650 |a Economic development,Economic forecasting 
904 |i Trọng Hải 
980 |a Trung tâm Học liệu Trường Đại học Cần Thơ